[Event "World Youth & Cadets Rapid Championships"]
[Site "Rhodes, Greece"]
[Date "2022.05.01"]
[Round "5.12"]
[White "Gurel, Ediz"]
[Black "Toktomushev, Teimur"]
[Result "1-0"]
[TimeControl "10'/game & 5\"/move"]
[WhiteElo "1779"]
[BlackElo "1935"]

1. e4 {[%clk 00:10:09]} c5 {[%clk 00:10:09]} {[%emt 00:00:02]} 2. Nf3 {[%clk
00:10:13]} {[%emt 00:00:01]} e6 {[%clk 00:10:12]} {[%emt 00:00:02]} 3. d4
{[%clk 00:10:17]} cxd4 {[%clk 00:10:14]} {[%emt 00:00:03]} 4. Nxd4 {[%clk
00:10:21]} {[%emt 00:00:01]} a6 {[%clk 00:10:17]} {[%emt 00:00:02]} 5. c4
{[%clk 00:10:22]} {[%emt 00:00:03]} Nf6 {[%clk 00:10:18]} {[%emt 00:00:04]} 6.
Nc3 {[%clk 00:10:25]} {[%emt 00:00:03]} Bb4 {[%clk 00:10:16]} {[%emt 00:00:06]}
7. Qd3 {[%clk 00:10:23]} {[%emt 00:00:07]} O-O {[%clk 00:09:44]} {[%emt
00:00:37]} 8. e5 {[%clk 00:08:02]} {[%emt 00:02:26]} Ne8 {[%clk 00:09:37]}
{[%emt 00:00:12]} 9. a3 {[%clk 00:08:05]} {[%emt 00:00:03]} Bxc3+ {[%clk
00:09:25]} {[%emt 00:00:16]} 10. Qxc3 {[%clk 00:08:08]} {[%emt 00:00:03]} d6
{[%clk 00:09:28]} {[%emt 00:00:02]} 11. exd6 {[%clk 00:07:50]} {[%emt
00:00:23]} Nxd6 {[%clk 00:08:58]} {[%emt 00:00:35]} 12. Be2 {[%clk 00:07:53]}
{[%emt 00:00:02]} e5 {[%clk 00:08:43]} {[%emt 00:00:20]} 13. Nf3 {[%clk
00:07:37]} {[%emt 00:00:20]} f6 {[%clk 00:08:05]} {[%emt 00:00:44]} 14. O-O
{[%clk 00:07:36]} {[%emt 00:00:06]} Be6 {[%clk 00:07:45]} {[%emt 00:00:25]} 15.
Be3 {[%clk 00:07:19]} {[%emt 00:00:22]} Nc6 {[%emt 00:00:33]} 16. b4 {[%clk
00:06:50]} {[%emt 00:00:33]} Rc8 {[%clk 00:06:32]} {[%emt 00:00:52]} 17. Rfd1
{[%clk 00:06:16]} {[%emt 00:00:38]} Qc7 {[%clk 00:05:12]} {[%emt 00:01:23]} 18.
Rac1 {[%clk 00:05:53]} {[%emt 00:00:30]} Rfd8 {[%clk 00:02:35]} {[%emt
00:02:42]} 19. Nd2 {[%clk 00:02:37]} {[%emt 00:03:21]} Ne7 {[%clk 00:01:02]}
{[%emt 00:01:38]} 20. f3 {[%clk 00:01:18]} {[%emt 00:01:24]} Nb5 {[%clk
00:00:16]} {[%emt 00:00:52]} 21. Qb2 {[%clk 00:01:15]} {[%emt 00:00:07]} Nd4
{[%clk 00:00:17]} {[%emt 00:00:03]} 22. Bf1 {[%clk 00:01:19]} {[%emt 00:00:01]}
Nef5 {[%clk 00:00:13]} {[%emt 00:00:10]} 23. Bf2 {[%clk 00:01:23]} Qf7 {[%clk
00:00:11]} {[%emt 00:00:07]} 24. c5 {[%clk 00:00:55]} {[%emt 00:00:33]} Bd5
{[%clk 00:00:07]} {[%emt 00:00:08]} 25. Ne4 {[%clk 00:00:46]} {[%emt 00:00:14]}
Qg6 {[%clk 00:00:09]} {[%emt 00:00:04]} 26. Kh1 {[%clk 00:00:44]} {[%emt
00:00:07]} Qh5 {[%clk 00:00:09]} {[%emt 00:00:04]} 27. Kg1 {[%clk 00:00:10]}
{[%emt 00:00:39]} Qg6 {[%clk 00:00:08]} {[%emt 00:00:06]} 28. Ng3 {[%clk
00:00:12]} {[%emt 00:00:04]} Nxg3 {[%clk 00:00:08]} {[%emt 00:00:05]} 29. hxg3
{[%clk 00:00:13]} {[%emt 00:00:03]} Bf7 {[%clk 00:00:06]} {[%emt 00:00:07]} 30.
Bd3 {[%clk 00:00:07]} {[%emt 00:00:11]} Qg5 {[%clk 00:00:08]} {[%emt 00:00:03]}
31. Bf1 {[%clk 00:00:09]} {[%emt 00:00:03]} Nf5 {[%clk 00:00:09]} {[%emt
00:00:05]} 32. g4 {[%clk 00:00:12]} {[%emt 00:00:02]} Nd4 {[%clk 00:00:07]}
{[%emt 00:00:07]} 33. Bxd4 {[%clk 00:00:07]} {[%emt 00:00:10]} exd4 {[%clk
00:00:12]} 34. Qf2 {[%clk 00:00:10]} {[%emt 00:00:02]} d3 {[%clk 00:00:09]}
{[%emt 00:00:08]} 35. Rd2 {[%clk 00:00:12]} {[%emt 00:00:03]} b5 {[%clk
00:00:07]} {[%emt 00:00:06]} 36. Rcd1 {[%clk 00:00:11]} {[%emt 00:00:06]} Bb3
{[%clk 00:00:10]} {[%emt 00:00:02]} 37. Re1 {[%clk 00:00:10]} {[%emt 00:00:07]}
Bc4 {[%clk 00:00:09]} {[%emt 00:00:06]} 38. Re3 {[%clk 00:00:12]} {[%emt
00:00:03]} f5 {[%clk 00:00:06]} {[%emt 00:00:08]} 39. Bxd3 {[%clk 00:00:11]}
{[%emt 00:00:06]} fxg4 {[%clk 00:00:06]} {[%emt 00:00:05]} 40. f4 {[%clk
00:00:07]} {[%emt 00:00:08]} Qf6 {[%clk 00:00:07]} {[%emt 00:00:04]} 41. g3
{[%clk 00:00:09]} {[%emt 00:00:05]} Rd4 {[%clk 00:00:07]} {[%emt 00:00:04]} 42.
Bxc4+ {[%clk 00:00:08]} {[%emt 00:00:05]} Rxc4 {[%clk 00:00:08]} {[%emt
00:00:05]} 43. Re5 {[%clk 00:00:08]} {[%emt 00:00:04]} Rc1+ {[%clk 00:00:09]}
{[%emt 00:00:04]} 44. Kg2 {[%clk 00:00:09]} {[%emt 00:00:04]} Qc6+ {[%clk
00:00:10]} {[%emt 00:00:05]} 45. Red5 {[%clk 00:00:12]} {[%emt 00:00:02]} Rd8
{[%clk 00:00:09]} {[%emt 00:00:06]} 46. Qd4 {[%clk 00:00:16]} Rc2 {[%clk
00:00:09]} {[%emt 00:00:06]} 47. Kg1 {[%clk 00:00:13]} {[%emt 00:00:08]} Rxd5
{[%clk 00:00:06]} {[%emt 00:00:08]} 48. Qxd5+ {[%clk 00:00:17]} {[%emt
00:00:01]} Qxd5 {[%clk 00:00:10]} 49. Rxd5 {[%clk 00:00:21]} {[%emt 00:00:01]}
Rc3 {[%clk 00:00:08]} {[%emt 00:00:07]} 50. Kf2 {[%clk 00:00:23]} {[%emt
00:00:02]} Kf7 {[%clk 00:00:10]} {[%emt 00:00:03]} 51. Rd7+ {[%clk 00:00:24]}
{[%emt 00:00:05]} Kf6 {[%clk 00:00:10]} {[%emt 00:00:04]} 52. Rd6+ {[%clk
00:00:26]} {[%emt 00:00:04]} Kf5 {[%clk 00:00:08]} {[%emt 00:00:07]} 53. Rxa6
{[%clk 00:00:30]} {[%emt 00:00:01]} h5 {[%clk 00:00:07]} {[%emt 00:00:05]} 54.
Rd6 {[%clk 00:00:20]} {[%emt 00:00:15]} Rxa3 {[%clk 00:00:08]} {[%emt
00:00:04]} 55. Rd5+ {[%clk 00:00:16]} {[%emt 00:00:10]} Ke4 {[%clk 00:00:08]}
{[%emt 00:00:04]} 56. Re5+ {[%clk 00:00:20]} {[%emt 00:00:01]} Kd4 {[%clk
00:00:12]} {[%emt 00:00:01]} 57. c6 {[%clk 00:00:13]} {[%emt 00:00:12]} Ra2+
{[%clk 00:00:07]} {[%emt 00:00:10]} 58. Re2 {[%clk 00:00:07]} {[%emt 00:00:12]}
Ra7 {[%clk 00:00:06]} {[%emt 00:00:06]} 59. Rc2 {[%clk 00:00:09]} {[%emt
00:00:03]} Rc7 {[%clk 00:00:09]} {[%emt 00:00:02]} 60. Rc5 {[%clk 00:00:13]}
{[%emt 00:00:01]} g6 {[%clk 00:00:09]} {[%emt 00:00:04]} 61. Ke2 {[%clk
00:00:09]} {[%emt 00:00:09]} Ke4 {[%clk 00:00:07]} {[%emt 00:00:06]} 62. Kf2
{[%clk 00:00:11]} {[%emt 00:00:04]} h4 {[%clk 00:00:07]} {[%emt 00:00:06]} 63.
gxh4 {[%clk 00:00:12]} {[%emt 00:00:04]} Kxf4 {[%clk 00:00:11]} {[%emt
00:00:01]} 64. Kg2 {[%clk 00:00:11]} {[%emt 00:00:06]} Ke4 {[%clk 00:00:06]}
{[%emt 00:00:11]} 65. Kg3 {[%clk 00:00:13]} {[%emt 00:00:02]} Kd4 {[%clk
00:00:06]} {[%emt 00:00:05]} 66. Kxg4 {[%clk 00:00:17]} {[%emt 00:00:01]} Ke4
{[%clk 00:00:08]} {[%emt 00:00:03]} 67. Kg5 {[%clk 00:00:21]} {[%emt 00:00:01]}
1-0

[Event "World Youth & Cadets Rapid Championships"]
[Site "Rhodes, Greece"]
[Date "2022.05.01"]
[Round "5.13"]
[White "Erdogmus, Yagiz Kaan"]
[Black "Kuru, Atilla"]
[Result "1-0"]
[TimeControl "10'/game & 5\"/move"]
[WhiteElo "1442"]
[BlackElo "2023"]

1. e4 {[%clk 00:10:04]} {[%emt 00:00:06]} e6 {[%clk 00:10:08]} {[%emt
00:00:02]} 2. d4 {[%clk 00:10:07]} {[%emt 00:00:02]} d5 {[%clk 00:10:12]}
{[%emt 00:00:01]} 3. Nd2 {[%clk 00:10:10]} {[%emt 00:00:02]} c5 {[%clk
00:10:16]} {[%emt 00:00:01]} 4. Ngf3 {[%clk 00:10:13]} {[%emt 00:00:02]} cxd4
{[%clk 00:10:20]} {[%emt 00:00:02]} 5. Nxd4 {[%clk 00:10:16]} {[%emt 00:00:01]}
Nc6 {[%clk 00:10:24]} {[%emt 00:00:01]} 6. Bb5 {[%clk 00:10:20]} {[%emt
00:00:02]} Bd7 {[%clk 00:10:27]} 7. Nxc6 {[%clk 00:10:21]} {[%emt 00:00:04]}
Bxc6 {[%clk 00:10:20]} {[%emt 00:00:13]} 8. Bxc6+ {[%clk 00:10:24]} {[%emt
00:00:02]} bxc6 {[%clk 00:10:24]} 9. c4 {[%clk 00:10:28]} {[%emt 00:00:01]} d4
{[%clk 00:10:15]} {[%emt 00:00:14]} 10. e5 {[%clk 00:10:07]} {[%emt 00:00:25]}
Ne7 {[%clk 00:10:01]} {[%emt 00:00:20]} 11. O-O {[%clk 00:09:28]} {[%emt
00:00:43]} Ng6 {[%clk 00:10:01]} {[%emt 00:00:04]} 12. Nf3 {[%clk 00:09:02]}
{[%emt 00:00:32]} Bc5 {[%clk 00:09:57]} {[%emt 00:00:08]} 13. Qa4 {[%clk
00:08:04]} {[%emt 00:01:04]} Qb6 {[%clk 00:09:32]} {[%emt 00:00:30]} 14. b4
{[%clk 00:08:05]} {[%emt 00:00:04]} Bxb4 {[%clk 00:09:00]} {[%emt 00:00:29]} 15.
Rb1 {[%clk 00:08:08]} {[%emt 00:00:10]} a5 {[%clk 00:07:57]} {[%emt 00:01:08]}
16. a3 {[%clk 00:08:11]} {[%emt 00:00:02]} O-O {[%clk 00:07:56]} {[%emt
00:00:06]} 17. axb4 {[%clk 00:08:12]} {[%emt 00:00:04]} axb4 {[%clk 00:07:42]}
{[%emt 00:00:20]} 18. Qxb4 {[%clk 00:08:15]} {[%emt 00:00:02]} Qa7 {[%clk
00:07:31]} {[%emt 00:00:15]} 19. Qd6 {[%clk 00:07:00]} {[%emt 00:01:21]} Rfd8
{[%clk 00:07:24]} {[%emt 00:00:10]} 20. Qxc6 {[%clk 00:06:43]} {[%emt
00:00:23]} Rac8 {[%clk 00:07:15]} {[%emt 00:00:13]} 21. Qe4 {[%clk 00:06:15]}
{[%emt 00:00:34]} Rxc4 {[%clk 00:06:46]} {[%emt 00:00:35]} 22. Bg5 {[%clk
00:05:31]} {[%emt 00:00:48]} Rdc8 {[%clk 00:06:40]} {[%emt 00:00:11]} 23. h4
{[%clk 00:04:01]} {[%emt 00:01:36]} h6 {[%clk 00:06:33]} {[%emt 00:00:11]} 24.
Bd2 {[%clk 00:03:25]} {[%emt 00:00:41]} d3 {[%clk 00:06:10]} {[%emt 00:00:29]}
25. Qxd3 {[%clk 00:03:22]} {[%emt 00:00:07]} Nxh4 {[%clk 00:05:59]} {[%emt
00:00:15]} 26. Nxh4 {[%clk 00:03:18]} {[%emt 00:00:10]} Rxh4 {[%clk 00:06:01]}
{[%emt 00:00:03]} 27. Rfc1 {[%clk 00:03:07]} {[%emt 00:00:17]} Rf8 {[%clk
00:05:38]} {[%emt 00:00:28]} 28. Be3 {[%clk 00:02:13]} {[%emt 00:00:58]} Qa5
{[%clk 00:04:56]} {[%emt 00:00:43]} 29. Qd6 {[%clk 00:02:05]} {[%emt 00:00:16]}
Qa8 {[%clk 00:04:26]} {[%emt 00:00:35]} 30. Ra1 {[%clk 00:02:02]} {[%emt
00:00:10]} Qb8 {[%clk 00:03:48]} {[%emt 00:00:35]} 31. Ba7 {[%clk 00:00:52]}
{[%emt 00:01:22]} Qb2 {[%clk 00:03:07]} {[%emt 00:00:39]} 32. Rab1 {[%clk
00:00:49]} {[%emt 00:00:16]} Qe2 {[%clk 00:01:48]} {[%emt 00:01:24]} 33. Qxf8+
{[%clk 00:00:49]} {[%emt 00:00:05]} Kh7 {[%clk 00:01:47]} {[%emt 00:00:06]} 34.
Qxf7 {[%clk 00:00:35]} {[%emt 00:00:19]} Rg4 {[%clk 00:01:38]} {[%emt
00:00:14]} 35. Be3 {[%clk 00:00:17]} {[%emt 00:00:23]} Rg6 {[%clk 00:01:27]}
{[%emt 00:00:15]} 36. Qb7 {[%clk 00:00:12]} {[%emt 00:00:11]} Rg4 {[%clk
00:01:15]} {[%emt 00:00:16]} 37. Re1 {[%clk 00:00:11]} {[%emt 00:00:05]} Qd3
{[%clk 00:01:12]} {[%emt 00:00:05]} 38. Qf3 {[%clk 00:00:13]} {[%emt 00:00:07]}
Qg6 {[%clk 00:01:13]} {[%emt 00:00:04]} 39. g3 {[%clk 00:00:12]} {[%emt
00:00:07]} Qh5 {[%clk 00:01:07]} {[%emt 00:00:10]} 40. Bf4 {[%clk 00:00:10]}
{[%emt 00:00:07]} Qh3 {[%clk 00:00:42]} {[%emt 00:00:30]} 41. Qh1 {[%clk
00:00:12]} {[%emt 00:00:03]} 1-0

[Event "World Youth & Cadets Rapid Championships"]
[Site "Rhodes, Greece"]
[Date "2022.05.01"]
[Round "5.14"]
[White "Karvatskyi, Oleksii"]
[Black "Ochedzan, Filip"]
[Result "1-0"]
[TimeControl "10'/game & 5\"/move"]
[WhiteElo "1919"]
[BlackElo "1407"]

1. e4 {[%clk 00:10:09]} c5 {[%clk 00:10:09]} {[%emt 00:00:02]} 2. b3 {[%clk
00:10:13]} g6 {[%clk 00:10:10]} {[%emt 00:00:04]} 3. Bb2 {[%clk 00:10:15]}
{[%emt 00:00:03]} Nf6 {[%clk 00:10:13]} {[%emt 00:00:01]} 4. e5 {[%clk
00:10:07]} {[%emt 00:00:13]} Nd5 {[%clk 00:10:17]} 5. h4 {[%clk 00:10:08]}
{[%emt 00:00:04]} Bg7 {[%clk 00:09:50]} {[%emt 00:00:32]} 6. h5 {[%clk
00:10:01]} {[%emt 00:00:12]} Nc6 {[%clk 00:09:45]} 7. Nf3 {[%clk 00:09:58]}
{[%emt 00:00:17]} d6 {[%clk 00:09:30]} 8. Nc3 {[%clk 00:10:02]} {[%emt
00:00:28]} Nxc3 {[%clk 00:09:19]} 9. Bxc3 {[%clk 00:10:02]} {[%emt 00:00:15]}
Nxe5 {[%emt 00:00:40]} 10. Nxe5 {[%clk 00:10:04]} {[%emt 00:00:01]} Bxe5 {[%clk
00:08:39]} {[%emt 00:00:12]} 11. Bxe5 {[%clk 00:10:05]} {[%emt 00:00:04]} dxe5
{[%clk 00:08:43]} {[%emt 00:00:01]} 12. hxg6 {[%clk 00:10:07]} {[%emt
00:00:04]} fxg6 {[%clk 00:08:46]} {[%emt 00:00:01]} 13. Bd3 {[%clk 00:10:09]}
{[%emt 00:00:03]} Qd6 {[%clk 00:08:28]} {[%emt 00:00:23]} 14. Qf3 {[%clk
00:09:58]} {[%emt 00:00:15]} Rf8 {[%clk 00:06:34]} {[%emt 00:01:59]} 15. Bb5+
{[%clk 00:08:53]} {[%emt 00:01:11]} Bd7 {[%clk 00:06:33]} {[%emt 00:00:05]} 16.
Qxb7 {[%clk 00:08:53]} {[%emt 00:00:06]} Rd8 {[%clk 00:04:41]} {[%emt
00:01:56]} 17. O-O-O {[%clk 00:06:46]} {[%emt 00:02:13]} h5 {[%clk 00:02:59]}
{[%emt 00:01:46]} 18. f3 {[%clk 00:06:08]} {[%emt 00:00:43]} Kf7 {[%clk
00:02:31]} {[%emt 00:00:34]} 19. g4 {[%clk 00:05:25]} {[%emt 00:00:47]} hxg4
{[%clk 00:02:17]} {[%emt 00:00:19]} 20. fxg4 {[%clk 00:05:21]} {[%emt
00:00:09]} Bxg4 {[%emt 00:01:52]} 21. Rh7+ {[%clk 00:04:12]} Kg8 {[%clk
00:01:21]} {[%emt 00:00:28]} 22. Rxe7 {[%clk 00:04:12]} {[%emt 00:00:05]} Qxe7
{[%clk 00:00:51]} {[%emt 00:00:35]} 23. Qxe7 {[%clk 00:04:12]} {[%emt
00:00:05]} Bxd1 {[%clk 00:00:52]} {[%emt 00:00:04]} 24. Bc4+ {[%clk 00:04:04]}
{[%emt 00:00:13]} Kh8 {[%clk 00:00:55]} {[%emt 00:00:01]} 25. Qxe5+ {[%clk
00:04:08]} {[%emt 00:00:02]} Kh7 {[%clk 00:00:59]} 26. Kxd1 {[%clk 00:04:07]}
{[%emt 00:00:05]} Rde8 {[%clk 00:01:00]} {[%emt 00:00:05]} 27. Qxc5 {[%clk
00:04:05]} {[%emt 00:00:07]} Rf5 {[%clk 00:00:30]} {[%emt 00:00:34]} 28. Qxa7+
{[%clk 00:04:05]} {[%emt 00:00:06]} Kh6 {[%clk 00:00:26]} {[%emt 00:00:09]} 29.
Bd3 {[%clk 00:04:01]} {[%emt 00:00:08]} Rh5 {[%clk 00:00:18]} {[%emt 00:00:14]}
30. c3 {[%clk 00:03:48]} {[%emt 00:00:17]} Rh1+ {[%clk 00:00:21]} {[%emt
00:00:02]} 31. Kc2 {[%clk 00:03:51]} {[%emt 00:00:02]} Ree1 {[%emt 00:00:31]}
32. Qf7 {[%clk 00:02:38]} {[%emt 00:00:20]} Rhg1 33. Qf6 {[%emt 00:00:45]} Rb1
{[%clk 00:00:21]} {[%emt 00:00:02]} 34. Bxg6 {[%emt 00:00:26]} 1-0

[Event "World Youth & Cadets Rapid Championships"]
[Site "Rhodes, Greece"]
[Date "2022.05.01"]
[Round "5.15"]
[White "Begmuratov, Khumoyun"]
[Black "Murawski, Jan"]
[Result "1-0"]
[TimeControl "10'/game & 5\"/move"]
[WhiteElo "1977"]
[BlackElo "1177"]

1. e4 {[%clk 00:10:05]} {[%emt 00:06:16]} e5 {[%clk 00:10:05]} {[%emt
00:00:01]} 2. Nf3 {[%clk 00:10:08]} {[%emt 00:00:04]} Nc6 {[%clk 00:10:09]}
{[%emt 00:00:01]} 3. Bb5 {[%clk 00:10:12]} {[%emt 00:00:01]} Nf6 {[%clk
00:10:11]} {[%emt 00:00:03]} 4. d3 {[%clk 00:10:15]} {[%emt 00:00:02]} Bc5
{[%clk 00:10:12]} {[%emt 00:00:03]} 5. O-O {[%clk 00:10:16]} {[%emt 00:00:04]}
d6 {[%clk 00:10:07]} {[%emt 00:00:11]} 6. c3 {[%clk 00:10:20]} O-O {[%clk
00:10:10]} {[%emt 00:00:02]} 7. Nbd2 {[%clk 00:10:21]} {[%emt 00:00:04]} Bg4
{[%clk 00:10:01]} {[%emt 00:00:14]} 8. h3 {[%clk 00:10:24]} {[%emt 00:00:02]}
Bh5 {[%clk 00:10:05]} {[%emt 00:00:01]} 9. Re1 {[%clk 00:10:19]} {[%emt
00:00:10]} a6 {[%clk 00:09:33]} {[%emt 00:00:37]} 10. Ba4 {[%clk 00:10:19]}
{[%emt 00:00:05]} b5 {[%clk 00:09:36]} {[%emt 00:00:02]} 11. Bc2 {[%clk
00:10:23]} Re8 {[%clk 00:09:32]} {[%emt 00:00:09]} 12. Nf1 {[%clk 00:10:24]}
{[%emt 00:00:04]} d5 {[%clk 00:09:06]} {[%emt 00:00:30]} 13. Ng3 {[%clk
00:10:01]} {[%emt 00:00:28]} Bg6 {[%clk 00:09:02]} {[%emt 00:00:09]} 14. Bg5
{[%clk 00:09:30]} {[%emt 00:00:36]} d4 {[%clk 00:08:44]} {[%emt 00:00:24]} 15.
Bb3 {[%clk 00:08:19]} {[%emt 00:01:16]} h6 {[%clk 00:08:21]} {[%emt 00:00:28]}
16. Bh4 {[%clk 00:07:58]} {[%emt 00:00:25]} Qd6 {[%clk 00:06:57]} {[%emt
00:01:30]} 17. Rc1 {[%clk 00:07:22]} {[%emt 00:00:40]} Bb6 {[%clk 00:06:40]}
{[%emt 00:00:22]} 18. Bxf6 {[%clk 00:06:59]} {[%emt 00:00:29]} Qxf6 {[%clk
00:06:38]} {[%emt 00:00:07]} 19. Bd5 {[%clk 00:07:03]} {[%emt 00:00:01]} Rad8
{[%clk 00:05:56]} {[%emt 00:00:47]} 20. Bxc6 {[%clk 00:07:06]} {[%emt
00:00:02]} Qxc6 {[%clk 00:06:00]} {[%emt 00:00:01]} 21. cxd4 {[%clk 00:07:10]}
{[%emt 00:00:01]} Qe6 {[%clk 00:05:45]} {[%emt 00:00:20]} 22. d5 {[%clk
00:07:01]} {[%emt 00:00:14]} Qf6 {[%clk 00:05:49]} 23. Rc6 {[%clk 00:06:36]}
{[%emt 00:00:30]} Rd6 {[%clk 00:05:44]} {[%emt 00:00:10]} 24. Rxd6 {[%clk
00:06:40]} {[%emt 00:00:02]} Qxd6 {[%clk 00:05:48]} 25. Qc2 {[%clk 00:06:04]}
{[%emt 00:00:40]} Rc8 {[%emt 00:01:34]} 26. Nh4 {[%clk 00:05:46]} Qf6 {[%clk
00:03:33]} {[%emt 00:01:14]} 27. Nhf5 {[%clk 00:04:53]} {[%emt 00:00:57]} Bxf5
{[%clk 00:03:22]} {[%emt 00:00:17]} 28. Nxf5 {[%clk 00:04:53]} {[%emt
00:00:05]} Kh7 {[%clk 00:03:08]} {[%emt 00:00:19]} 29. Rc1 {[%clk 00:04:39]}
{[%emt 00:00:18]} g6 {[%clk 00:02:54]} {[%emt 00:00:20]} 30. Ne3 {[%clk
00:04:17]} {[%emt 00:00:27]} Bxe3 {[%clk 00:02:52]} {[%emt 00:00:07]} 31. fxe3
{[%clk 00:04:20]} {[%emt 00:00:02]} Qg5 {[%clk 00:02:56]} 32. Qf2 {[%clk
00:04:18]} {[%emt 00:00:07]} Kg7 {[%emt 00:00:25]} 33. Rc6 {[%clk 00:04:10]}
Qe7 {[%clk 00:02:32]} {[%emt 00:00:22]} 34. Qc2 {[%clk 00:03:18]} {[%emt
00:00:58]} Qg5 {[%clk 00:02:23]} {[%emt 00:00:13]} 35. Qc1 {[%clk 00:03:16]}
{[%emt 00:00:06]} Qg3 {[%clk 00:01:33]} {[%emt 00:00:56]} 36. d6 {[%clk
00:03:00]} {[%emt 00:00:20]} Rd8 {[%clk 00:01:24]} {[%emt 00:00:14]} 37. dxc7
{[%clk 00:03:03]} {[%emt 00:00:03]} Rxd3 {[%clk 00:01:28]} {[%emt 00:00:01]} 38.
c8=Q {[%clk 00:03:02]} {[%emt 00:00:06]} Rxe3 {[%clk 00:01:31]} {[%emt
00:00:02]} 39. Rxg6+ {[%clk 00:02:50]} {[%emt 00:00:16]} fxg6 {[%clk 00:01:27]}
{[%emt 00:00:09]} 40. Q1c7+ {[%clk 00:02:53]} {[%emt 00:00:02]} Kf6 {[%clk
00:01:31]} 41. Q8d8+ {[%clk 00:02:54]} {[%emt 00:00:05]} Ke6 {[%clk 00:01:34]}
{[%emt 00:00:03]} 42. Qde7# {[%clk 00:02:45]} {[%emt 00:00:14]} 1-0

[Event "World Youth & Cadets Rapid Championships"]
[Site "Rhodes, Greece"]
[Date "2022.05.01"]
[Round "5.16"]
[White "Mamedov, Edgar"]
[Black "Lechowski, Witold"]
[Result "1-0"]
[TimeControl "10'/game & 5\"/move"]
[WhiteElo "1854"]
[BlackElo "1542"]

1. d4 {[%clk 00:10:09]} Nf6 {[%clk 00:10:09]} {[%emt 00:00:02]} 2. c4 {[%clk
00:10:12]} {[%emt 00:00:02]} g6 {[%clk 00:10:12]} {[%emt 00:00:01]} 3. Nc3
{[%clk 00:10:14]} {[%emt 00:00:03]} d5 {[%clk 00:10:16]} {[%emt 00:00:01]} 4.
cxd5 {[%clk 00:10:16]} {[%emt 00:00:03]} Nxd5 {[%clk 00:10:20]} {[%emt
00:00:01]} 5. e4 {[%clk 00:10:17]} {[%emt 00:00:04]} Nxc3 {[%clk 00:10:23]}
{[%emt 00:00:01]} 6. bxc3 {[%clk 00:10:21]} {[%emt 00:00:02]} Bg7 {[%clk
00:10:24]} {[%emt 00:00:03]} 7. Bc4 {[%clk 00:10:24]} {[%emt 00:00:02]} c5
{[%clk 00:10:28]} {[%emt 00:00:02]} 8. Ne2 {[%clk 00:10:27]} {[%emt 00:00:02]}
Nc6 {[%clk 00:10:30]} {[%emt 00:00:02]} 9. Be3 {[%clk 00:10:31]} {[%emt
00:00:02]} O-O {[%clk 00:10:31]} {[%emt 00:00:04]} 10. O-O {[%clk 00:10:32]}
{[%emt 00:00:03]} Qc7 {[%clk 00:10:34]} {[%emt 00:00:02]} 11. Rc1 {[%clk
00:10:31]} {[%emt 00:00:07]} Rd8 {[%clk 00:10:24]} {[%emt 00:00:15]} 12. Qd2
{[%clk 00:09:55]} {[%emt 00:00:40]} Na5 {[%clk 00:10:09]} {[%emt 00:00:21]} 13.
Bd3 {[%clk 00:09:42]} {[%emt 00:00:18]} b6 {[%clk 00:09:46]} {[%emt 00:00:27]}
14. Bh6 {[%clk 00:08:33]} {[%emt 00:01:15]} Bh8 {[%clk 00:09:10]} {[%emt
00:00:41]} 15. Bf4 {[%clk 00:08:27]} {[%emt 00:00:10]} e5 {[%clk 00:08:52]}
{[%emt 00:00:23]} 16. Bg5 {[%clk 00:08:30]} {[%emt 00:00:02]} f6 {[%clk
00:08:14]} {[%emt 00:00:43]} 17. Be3 {[%clk 00:08:34]} {[%emt 00:00:02]} Qd6
{[%clk 00:07:33]} {[%emt 00:00:47]} 18. d5 {[%clk 00:08:18]} {[%emt 00:00:20]}
Bb7 {[%clk 00:06:56]} {[%emt 00:00:42]} 19. c4 {[%clk 00:08:14]} {[%emt
00:00:09]} Ba6 {[%clk 00:06:08]} {[%emt 00:00:52]} 20. f4 {[%clk 00:08:09]}
{[%emt 00:00:10]} Nc6 {[%clk 00:05:47]} {[%emt 00:00:27]} 21. fxe5 {[%clk
00:07:19]} {[%emt 00:00:55]} Nxe5 {[%clk 00:05:38]} {[%emt 00:00:14]} 22. Nf4
{[%clk 00:07:01]} {[%emt 00:00:23]} Bc8 {[%clk 00:05:32]} {[%emt 00:00:11]} 23.
Be2 {[%clk 00:06:51]} {[%emt 00:00:15]} f5 {[%clk 00:05:30]} {[%emt 00:00:07]}
24. exf5 {[%clk 00:05:30]} {[%emt 00:01:25]} Bxf5 {[%clk 00:05:26]} {[%emt
00:00:09]} 25. Nd3 {[%clk 00:05:10]} {[%emt 00:00:26]} Nxd3 {[%clk 00:05:04]}
{[%emt 00:00:27]} 26. Bxd3 {[%clk 00:05:12]} {[%emt 00:00:03]} Bxd3 {[%clk
00:05:05]} {[%emt 00:00:04]} 27. Qxd3 {[%clk 00:05:08]} {[%emt 00:00:08]} Re8
{[%clk 00:05:06]} {[%emt 00:00:05]} 28. Rf3 {[%clk 00:03:27]} {[%emt 00:01:46]}
Rad8 {[%clk 00:03:28]} {[%emt 00:01:42]} 29. a4 {[%clk 00:02:47]} {[%emt
00:00:46]} Rd7 {[%clk 00:03:16]} {[%emt 00:00:17]} 30. Rcf1 {[%clk 00:02:40]}
{[%emt 00:00:11]} Rde7 {[%clk 00:02:54]} {[%emt 00:00:28]} 31. Bf4 {[%clk
00:02:26]} {[%emt 00:00:18]} Qd7 {[%clk 00:02:55]} {[%emt 00:00:05]} 32. d6
{[%clk 00:02:19]} {[%emt 00:00:12]} Bd4+ {[%clk 00:02:51]} {[%emt 00:00:08]} 33.
Kh1 {[%clk 00:02:16]} {[%emt 00:00:09]} Rf7 {[%clk 00:02:25]} {[%emt 00:00:30]}
34. Bh6 {[%clk 00:02:00]} {[%emt 00:00:22]} Rxf3 {[%clk 00:02:16]} {[%emt
00:00:14]} 35. Qxf3 {[%clk 00:02:03]} {[%emt 00:00:02]} Bg7 {[%clk 00:02:09]}
{[%emt 00:00:12]} 36. Qd5+ {[%clk 00:01:57]} {[%emt 00:00:10]} Kh8 {[%clk
00:01:56]} {[%emt 00:00:18]} 37. Bg5 {[%clk 00:01:53]} {[%emt 00:00:10]} Re5
{[%clk 00:01:40]} {[%emt 00:00:21]} 38. Rf8+ {[%clk 00:01:12]} {[%emt
00:00:46]} Bxf8 {[%clk 00:01:27]} {[%emt 00:00:18]} 39. Qxe5+ {[%clk 00:00:33]}
{[%emt 00:00:44]} Kg8 {[%clk 00:01:25]} {[%emt 00:00:06]} 40. Qd5+ {[%clk
00:00:37]} {[%emt 00:00:01]} Kh8 {[%clk 00:01:21]} {[%emt 00:00:09]} 41. Bf6+
{[%clk 00:00:40]} {[%emt 00:00:03]} Bg7 {[%clk 00:01:16]} {[%emt 00:00:11]} 42.
Qa8+ {[%clk 00:00:43]} {[%emt 00:00:01]} 1-0